SV40 emlős tumorvírus enhanszer/promoter régiójához kapcsolódó élesztő sejtmagi fehérjék kimutatása

Elmentve itt :
Bibliográfiai részletek
Szerző: Gyuris Jenő
További közreműködők: nincs megadva (Témavezető)
Dokumentumtípus: Disszertáció
Megjelent: 1989
Kulcsszavak:Biokémia
Tárgyszavak:
Online Access:http://doktori.ek.szte.hu/5810
LEADER 00734nta a2200205 i 4500
001 dokt5810
005 20220613113713.0
008 220613s1989 hu om 0|| hun d
040 |a SZTE Doktori Repozitórium  |b hun 
041 |a hun 
100 1 |a Gyuris Jenő 
245 1 0 |a SV40 emlős tumorvírus enhanszer/promoter régiójához kapcsolódó élesztő sejtmagi fehérjék kimutatása  |h [elektronikus dokumentum] /  |c  Gyuris Jenő 
260 |c 1989 
502 |a Disszertacio 
650 4 |a biológiai tudományok 
650 4 |a Természettudományok 
650 4 |a Biológiai tudományok 
695 |a Biokémia 
700 1 |a nincs megadva  |e ths 
856 4 0 |u https://doktori.bibl.u-szeged.hu/id/eprint/5810/1/1989_gyuris_jeno.pdf  |z Dokumentum-elérés